Statystyki dla Wyrazy zakończone na -iciel

Kliknij tutaj aby rozwiązać quiz!

Ogólne statystyki

  • Ten quiz został rozwiązany 145 razy
  • Średni wynik to 5 z 53

Statystyki odpowiedzi

HintOdpowiedź% Poprawnych
10-literowewłaściciel
39%
9-literowezbawiciel
36%
10-literowewielbiciel
30%
14-literoweprzedstawiciel
28%
9-literowemyśliciel
26%
8-literowenosiciel
21%
10-literowewybawiciel
18%
10-literowedonosiciel
17%
8-literowedusiciel
17%
10-literowechrzciciel
16%
8-literowemściciel
15%
8-literowekusiciel
13%
10-literoweuwodziciel
13%
10-literoweodkupiciel
12%
9-literowetruciciel
12%
8-literoweżywiciel
12%
10-literoweodnowiciel
11%
9-literowerodziciel
9%
11-literoweroznosiciel
8%
9-literowetropiciel
7%
11-literoweuzdrowiciel
7%
8-literoweczciciel
6%
10-literoweczyściciel
6%
9-literowekarmiciel
6%
8-literowemąciciel
6%
9-literoweokaziciel
6%
15-literowewspółwłaściciel
6%
10-literoweobjawiciel
5%
9-literowestroiciel
5%
9-literowetłumiciel
4%
14-literowewolnomyśliciel
4%
11-literowewyzwoliciel
4%
9-literowegłosiciel
3%
9-literowegrabiciel
3%
12-literoweprzekaziciel
3%
12-literoweprzenosiciel
3%
8-literowetępiciel
3%
9-literowebudziciel
2%
9-literowegnębiciel
2%
9-literowejudziciel
2%
9-literowekropiciel
2%
10-literowekrzewiciel
2%
12-literowekrzywdziciel
2%
11-literoweodrodziciel
2%
11-literoweodwodziciel
2%
13-literoweoswobodziciel
2%
9-literoweożywiciel
2%
12-literoweposkromiciel
2%
13-literoweprzywodziciel
2%
11-literowerozwoziciel
2%
10-literowetrzebiciel
2%
12-literowewskrzesiciel
2%
10-literowewyraziciel
2%

Rozkład punktacji

Percentyl według liczby udzielonych odpowiedzi

Procent ludzi z każdym wynikiem

Twoja historia wyników

Nie rozwiązałeś tego quizu